000 00520nam a2200181Ia 4500
999 _c14203
_d14203
003 OSt
005 20201016121701.0
008 190216s9999||||xx |||||||||||||| ||und||
020 _a9788125022374
040 _coclc
082 _a823.914
_bSAS/F
100 _aSasikumar, V
_95307
245 0 _aFantasy A Collection Of Short Stories /
_cV Sasikumar
260 _bOrient Longman ,
_c2002.
_aHyderabad:
300 _a82p
650 _aEnglish
942 _cBK
_2ddc
_h823.914
_iSAS/F
_k823.914
_mSAS/F